| 000 | 01259nam a2200193 a 4500 | ||
|---|---|---|---|
| 008 | 180205e2000 ag ||||g |||| 00| 0 spa d | ||
| 020 | _a9879332040 | ||
| 041 | _aspa | ||
| 092 |
_c808 _l51 _sMAR |
||
| 100 | 1 |
_aMariscal, Enrique _94364 |
|
| 245 |
_aCuentos para regalar. _bA personas inteligentes/ _cEnrique Mariscal |
||
| 250 | _a6a ed. | ||
| 260 |
_aBuenos Aires: _bSerendipidad; _c2000. |
||
| 300 | _a174 p. | ||
| 500 | _aMariscal, E. (2000). Cuentos para regalar. A personas inteligentes. (6a ed.). Buenos Aires : Serendipidad. | ||
| 505 | _aUn cuento es algo serio, para reír y pensar. Un lenguaje breve y magnético, oportunidad para el diálogo, la complicidad, la entrega y la confianza, tarea de amigos. No para entretener, ni para pasar el rato. Tampoco para matar el aburrimiento. Gracia para pensar libremente, escenario provocante y creativo, metafórico y autoirónico. Cuando los grandes maestros querían superar todo encierro intelectual porque sentían las limitaciones de la definición, recurrían a la parábola, a la fabula, al mito o al sueño. Relatos comprometidos con una búsqueda espiritual, son para crear, señores del cambio, dignos de ser regalado: acompañan e inspiran. | ||
| 655 |
_aLiteratura _92917 |
||
| 942 |
_2ddc _cLIT |
||
| 999 |
_c3322 _d3322 |
||